000
00219nam a2200097Ia 4500
008
240331s9999 xx 000 0 und d
082
_b
MOS
100
_a
Moscrop, T
245
2
_a
A Sinhalese - English dctionary
942
_c
L
999
_c
3227
_d
3227